000 01385nam a2200253Ia 4500
999 _c56204
_d56204
001 23305
003 GE_BSU
005 20251208213115.0
008 181216s1963||||ge |||||||||||||| ||geo||
040 _cGE_BSU
080 _a94(44)"1789-1794 კ-57
100 _aკიღურაძე, გივი
_926203
245 _aსაფრანგეთის დიდი ბურჟუაზიული რევოლუციის ისტორიიდან :
_b(ახალი არმიის ორგანიზაცია) /
_cგივი კიღურაძე ; რედ. გ. ჟორდანია.
264 _aთბილისი :
_bცოდნა,
_c1963.
300 _a393 გვ. ;
_c22 სმ.
504 _aბიბლიოგრაფია შენიშვნებში
520 _aრეზიუმე რუსულ და ინგლისურ ენებზე
_b
541 _h1ლ. 12თ.
653 _aისტორია
653 _aსაფრანგეთის ბურჟუაზიული რევოლუცია, 1789-1794 წ.წ
653 _aსაფრანგეთის დიდი ბურჟუაზიული რევოლუციის ისტორიიდან
700 _aჟორდანია, გ.
_eრედაქტორი
_94668
942 _cBK
_2udc